Carregando...

പഞ്ഞിയും തുണിയും /

Detalhes bibliográficos
Autor principal: കാരൂർ നീലകണ്ഠപ്പിള്ള
Outros Autores: Karoor Neelakanta Pillai
Formato: Printed Book
Publicado em: Kottyam: Sahitya pravarthaka sahakarana sangham, 1974.
Assuntos:
LEADER 00672nam a22001697a 4500
020 |a 9789387439634 
082 |a 894.8123  |b KAR-P 
100 |a കാരൂർ നീലകണ്ഠപ്പിള്ള . 
245 |a പഞ്ഞിയും തുണിയും / 
260 |a Kottyam:  |b Sahitya pravarthaka sahakarana sangham,  |c 1974. 
300 |a 198p.; 
650 |a Malayalam literature-fiction 
650 |a Panjiyum thuniyum 
700 |a Karoor Neelakanta Pillai 
942 |c BK 
999 |c 54118  |d 54118 
952 |0 0  |1 0  |4 0  |6 894_812300000000000_KARP  |7 0  |9 68277  |a KU  |b KU  |d 2019-04-30  |e PICO.A2/5736/2013 dtd 02/05/2018  |g 190.00  |l 0  |o 894.8123 KAR-P  |p CL04205  |r 2019-04-30  |w 2019-04-30  |y BK